| 000 | 00707nam a22002175a 4500 | ||
|---|---|---|---|
| 008 | 161221s2015 ii a|||fr|||| 000 0 eng d | ||
| 020 | _a9789350389850 | ||
| 020 | _a9350389851 | ||
| 040 |
_aEG-ScBUE _beng _cEG-ScBUE |
||
| 082 | 0 | 4 |
_222 _a621.317 _bBAK |
| 100 | 1 |
_912771 _aBakshi, Uday A. |
|
| 245 |
_aSwitchgear and protection / _cUday A. Bakshi, Mayuresh V. Bakshi. |
||
| 260 |
_aPune, India : _bTechnical Publications, _c2015. |
||
| 300 |
_a1 v. (various pagings) : _bill. ; _c22 cm. |
||
| 590 | _aWessam | ||
| 650 | 7 |
_2BUEsh _941734 _aElectric power systems _xProtection. |
|
| 650 | 7 |
_941735 _aElectric switchgear. |
|
| 651 | _2BUEsh | ||
| 653 |
_bENGELC _cDecember2016 |
||
| 942 |
_2ddc _e22 _k621.317 BAK |
||
| 999 |
_c23685 _d23657 |
||